000 01478cam a2200349 i 4500
001 19276369
005 20241213172119.0
008 160915t20182018maua b 001 0 eng
020 _a9781337094160 (package)
020 _a1337094161
020 _a9781305881884 (book only)
050 0 0 _aHF1017
_b.A6 2018
082 0 0 _a519.5
_223
100 1 _aAnderson, David R.
_q(David Ray),
_d1941-
_eauthor.
245 1 0 _aStatistics for business & economics /
_cDavid R. Anderson, University of Cincinnati, Dennis J. Sweeney, University of Cincinnati, Thomas A. Williams, Rochester Institute of Technology, Jeffrey D. Camm, Wake Forest University, James J. Cochran, University of Alabama.
250 _a13e revised [edition].
260 _aAustralia
_bCengage Learning
_c2018
300 _axxvii, 1092 pages :
_bcolor illustrations ;
_c27 cm
500 _aIncludes Index
650 0 _aCommercial statistics
_xMethodology.
650 0 _aEconomics
_xStatistical methods.
650 7 _aCommercial statistics
_xMethodology.
_2fast
_0(OCoLC)fst00869646
650 7 _aEconomics
_xStatistical methods.
_2fast
_0(OCoLC)fst00902215
650 7 _aStatistik
_2gnd
650 7 _aWirtschaftsmathematik
_2gnd
650 7 _aWirtschaftsstatistik
_2gnd
700 1 _aSweeney, Dennis J.,
_eauthor.
700 1 _aWilliams, Thomas A.
_q(Thomas Arthur),
_d1944-
_eauthor.
700 1 _aCamm, Jeffrey D.,
_d1958-
_eauthor.
700 1 _aCochran, James J.,
_eauthor.
942 _2lcc
_cBK
_e13e Revised Ed.
_n0
999 _c2181
_d2181